00649 2200241 4500001002100000005001700021008004100038020002200079035002400101040001200125082001000137090002100147100002000168245006400188250001100252260003100263300002400294490001900318650002100337850001200358990001800370990001900388YOGYA-0611000000014420110609124039.0 ind  a978-979-077-205-2 0010-061100000000144 aYOPDYOG a028.5 aSEL 028.5bHan A aHANDRINI, Ninik aAllah maha kuasacNinik Handrini ; penerjemah, Budi Permadi aCet. 1 aJakartabGema Insanic2010 a23 hlmbilusc21 cm aseri bilingual aBacaan Bergambar aYOPDYOG a034- Sel/B.11 a033 - Sel/B.11